000 00576nam a2200181 i 4500
001 148419
003 ES-MaACL
005 20230906202623.0
007 t|
008 070214s1969 sp r ||||1| spa d
100 1 _aEdith Stein
_cSanta (
_d1891-1942)
_946641
245 1 0 _aEn busca de Dios /
_cEdith Stein ; versión de Pedro R. Velasco Beleta.
260 _aEstella :
_bVerbo Divino,
_c1969.
300 _a310 p., 4 lám. ;
_c19 cm.
500 _aPrecede al tít.: Sor Teresa.
700 0 _aVelasco Beteta, Pedro Rafael.
_9113747
852 _aES-MaACL
_jC-40072
_bR.70793
999 _c148419
_d148419